000
00312nam a22001217a 4500
020
_a
0-85334-886-3
082
_a
668.494 WEA'F
100
_a
WEATHERHEAD, R. G
_9
74494
245
_a
FRP TECHNOLOGY FIBRE REINFORCED RESIN SYSTEMS
260
_a
LONDON
_b
APPLIED SCIENCE
_c
1980
300
_a
XVII, 462P
942
_c
BK
999
_c
580017
_d
580017